[Event "POL-chT 2nd League"]
[Site "Jastrzebia Gora"]
[Date "2019.09.10"]
[Round "4.20"]
[White "Klein, Zbigniew"]
[Black "Wnek, Filip"]
[Result "1/2-1/2"]
[WhiteElo "1700"]
[BlackElo "1962"]
[PlyCount "117"]
[EventDate "2019.09.07"]
[EventType "team-swiss"]
[EventRounds "9"]
[EventCountry "POL"]
[SourceTitle "EXT 2020"]
[Source "ChessBase"]
[SourceDate "2019.10.17"]
[SourceVersion "1"]
[SourceVersionDate "2019.10.17"]
[SourceQuality "1"]
[WhiteTeam "Plock Stowarzyszenie"]
[BlackTeam "Staniatki Goniec"]
[WhiteTeamCountry "POL"]
[BlackTeamCountry "POL"]

1. e4 c5 2. Nf3 d6 3. d4 cxd4 4. Nxd4 Nf6 5. Nc3 a6 6. Bg5 e6 7. f4 Be7 8. Qf3 h6 9. Bh4 g5 10. fxg5 Nfd7 11. Qh5 Ne5 12. Nf3 Ng6 13. Qg4 Nxh4 14. Qxh4 Bxg5 15. Nxg5 Qxg5 16. Qxg5 hxg5 17. 0-0-0 Ke7 18. g3 b5 19. h4 gxh4 20. Rxh4 Rg8 21. g4 Bb7 22. Bd3 Nd7 23. a3 Ne5 24. Be2 Rac8 25. Rg1 Nc4 26. Rg3 Rc5 27. Bxc4 Rxc4 28. g5 Rg7 29. Kd2 Rc5 30. Rhg4 Rg6 31. Kd3 Rc8 32. Ne2 e5 33. Nc3 Ke6 34. Nd1 Rcg8 35. Ne3 d5 36. exd5+ Bxd5 37. b3 Bc6 38. Ke2 Bd7 39. Rg1 Kd6 40. R4g3 Be6 41. c4 bxc4 42. bxc4 f6 43. Rb1 Kc5 44. Rb7 f5 45. Rg1 Rxg5 46. Rd1 Rc8 47. Kf2 Rc6 48. Rb4 Rb6 49. Rxb6 Kxb6 50. Rd6+ Kc5 51. Rxe6 f4 52. Ng2 Kxc4 53. Rxa6 Rg3 54. a4 e4 55. Rf6 e3+ 56. Nxe3+ Rxe3 57. Rxf4+ Kd3 58. Rf3 Rxf3+ 59. Kxf3 1/2-1/2

[Event "Mazowiec-chT 1718"]
[Site "Warsaw"]
[Date "2018.01.07"]
[Round "3.15"]
[White "Klein, Zbigniew"]
[Black "Wojtaszewski, Piotr"]
[Result "0-1"]
[WhiteElo "1796"]
[BlackElo "2027"]
[PlyCount "58"]
[EventDate "2017.12.03"]
[EventType "team-tourn"]
[EventRounds "10"]
[EventCountry "POL"]
[SourceTitle "EXT 2020"]
[Source "ChessBase"]
[SourceDate "2019.10.17"]
[SourceVersion "1"]
[SourceVersionDate "2019.10.17"]
[SourceQuality "1"]

1. e4 g6 2. d4 Bg7 3. Nc3 d5 4. e5 c5 5. f4 cxd4 6. Qxd4 e6 7. Nf3 Nc6 8. Bb5 Nge7 9. 0-0 0-0 10. Qa4 Bd7 11. Be3 a6 12. Bxc6 Nxc6 13. Qa3 b5 14. Bc5 b4 15. Bxb4 Qb6+ 16. Bc5 Qc7 17. Bxf8 Bxf8 18. Nb5 Qb6+ 19. Kh1 Bxa3 20. Nxa3 Qxb2 21. Nc4 dxc4 22. Rab1 Qxc2 23. Rb7 Ra7 24. Rbb1 Qxa2 25. h4 h5 26. Ng5 Nd4 27. Ne4 Bc6 28. Nf6+ Kg7 29. Rg1 Bxg2+ 0-1